LEADER 01271nam a2200301 a 4500 001 000000138125 003 CaOOAMICUS 005 20140410133705.0 008 140410m19639999it u000 u ita r 040 $aPUL$bita 041 1 $aita$hfre 100 1 $aMesnard, Pierre,$d1900-1969.$0(OLS)http://pul/name/17696 240 10$aEssor de la philosophie politique au XVIe siècle.$lItaliano.$0(OLS)http://pul/title/174882 245 13$aIl pensiero politico rinascimentale /$cPierre Mesnard ; a cura di Luigi Firpo. 260 $aRoma ;$aBari :$bLaterza,$c1963- 300 $av. ;$c22 cm 490 1 $aCollezione storica 504 $aBibliogr. in nota. 650 4$aRinascimento$xStoria culturale.$0(OLS)http://pul/subject/26945 650 4$aPensiero politico$ySec. XVI.$0(OLS)http://pul/subject/40462 700 1 $aFirpo, Luigi,$d1915-1989.$0(OLS)http://pul/name/3484 830 0$aCollezione storica (Editori Laterza).$0(OLS)http://pul/title/118 850 $aPUL 852 $aPUL$W1$xDP1 Fondo E. Rossi$y115$m7 D 24$j159225$av. 1$qFondi$B158775$CPULBib$Z2$F158775 $82 941 1 $a1 996 $6245$aIl pensiero politico rinascimentale$9(OLS)http://pul/title/174881 996 $6260$aRoma ;$aBari :$bLaterza$9(OLS)http://pul/publisher/57682 LEADER 01160nam a2200265 a 4500 001 000000175118 003 CaOOAMICUS 005 20220421160051.0 008 220420s2022 it rm 000 0 ita r 032 $aLibriCat 040 $aPUL$bita 100 1 $aTarquini, Nicolò.$0(OLS)http://pul/name/112592 245 13$aLa discussione in ambito cattolico con Emanuele Severino sulla metafisica /$cNicolò Tarquini . 260 $aRomae :$b[s.n.],$c2022. 300 $a124 p.;$c24 cm 502 $aEstratto da Tesi di Dottorato in Filosofia--Pontificia Universitas Lateranensis, 2022. 504 $aBibliografia: p. [111]-121. 650 4$aMetafisica$ySec. XX.$0(OLS)http://pul/subject/8481 710 2 $aPontificia Università Lateranense$bFacoltà di filosofia$kTesi.$0(OLS)http://pul/name/81773 850 $aPUL 852 $aPUL$W1$xDP1 Tesi Pon Univ. Lateranense$y41$m2022 A 2$j136431$qTesi$B204085$CPULBib$Z2$F204085 $82 941 1 $a16 996 $6245$aLa discussione in ambito cattolico con Emanuele Severino sulla metafisica$9(OLS)http://pul/title/216531 996 $6260$aRomae :$b[s.n.]$9(OLS)http://pul/publisher/48223